000 00861cam4a220025300 4500
001 qce00800272
005 20190830100700.0
008 720817s1959 ilu b 001 0 eng
010 _a 59008495
035 _a(Sirsi) r108757
035 _a(QCAT)lss00272755
035 _a(UPRA)qce00800272
040 _dUPRA
043 _an-us---
050 0 _aHV9278
_b.G5
082 _a364.620973
100 1 _aGiardini, G. I. (Giovanni Ippolito), 1897-
_qGiardini, G. I. (Giovanni Ippolito), 1897-
_dGiardini, G. I. (Giovanni Ippolito), 1897-
_6A67621.1
245 1 4 _aThe parole process /
_cby G.I. Giardini.
260 _aSpringfield, IL :
_bThomas,
_cc1959.
504 _aIncludes bibliographies and index.
650 0 _aParole -- United States.
_zParole -- United States.
_6S51784.1
949 _aHV9278
_wlcc
_i-155087
_mMAIN
_tBOOK
_lON-SHELF
004 108757
999 _c182011
_d182011